[Event "Let's Play Chess!"]
[Site "http://www.queenalice.com/game.php?id=1239194"]
[Date "2013.12.10"]
[Round "-"]
[White "Nimzou"]
[Black "DarkSquareBishop"]
[Result "0-1"]
[WhiteElo "1022"]
[BlackElo "1500"]

1. Nf3 d5 2. b3 Nf6 3. Bb2 Nc6 4. d4 e6 5. g3 Be7 6. Ne5 Nb8 7. Nxf7 Kxf7 8. Bg2
Nc6 9. c3 Rf8 10. Bf3 Kg8 11. Qc2 e5 12. Nd2 e4 13. Bg2 Bf5 14. O-O Qd7 15. e3
Bh3 16. f3 Bxg2 17. Kxg2 Rad8 18. g4 exf3+ 19. Kf2 Nxg4+ 20. Ke1 Nxe3 21. Qb1
Bh4+ 22. Rf2 Rde8 23. Qd1 Nxd1+ 24. Kxd1 Bxf2 25. Kc2 Qf5+ 26. Kc1 Re1# 0-1

[Event "Let's Play Chess!"]
[Site "http://www.queenalice.com/game.php?id=1239287"]
[Date "2013.12.11"]
[Round "-"]
[White "DarkSquareBishop"]
[Black "Nikita"]
[Result "1-0"]
[WhiteElo "1500"]
[BlackElo "1389"]

1. d4 e6 2. e4 Nf6 3. e5 Ne4 4. Nf3 Nc6 5. Bb5 a6 6. Bd3 Ng5 7. Bxg5 f6 8. exf6
gxf6 9. Be3 Nb4 10. Be2 c5 11. dxc5 Qc7 12. O-O Bxc5 13. Bxc5 Qxc5 14. Nc3 e5
15. a3 Nc6 16. Nd5 Na5 17. b4 Qc6 18. bxa5 d6 19. Nxf6+ Kf7 20. Nd5 Rg8 21. c4
Bh3 22. Nh4 b5 23. Bh5+ Ke6 24. Qf3 Qxc4 25. Qf7# 1-0

[Event "Let's Play Chess!"]
[Site "http://www.queenalice.com/game.php?id=1239289"]
[Date "2013.12.11"]
[Round "-"]
[White "DarkSquareBishop"]
[Black "rogeriooliveira"]
[Result "0-1"]
[WhiteElo "1635"]
[BlackElo "1295"]

1. Nf3 d5 2. d4 Nc6 3. e3 Nf6 4. Bb5 a6 5. Bxc6+ bxc6 6. Nc3 Bg4 7. O-O Bxf3 8.
Qxf3 e6 9. e4 dxe4 10. Nxe4 Bb4 11. Nxf6+ gxf6 12. Qxc6+ Kf8 13. Bh6+ Ke7 14. c3
Bd6 15. Rae1 Rb8 16. b3 a5 17. d5 Qd7 18. Qxd7+ Kxd7 19. Bg7 Rhg8 20. Bxf6 Rg6
21. dxe6+ fxe6 22. Be5 Bxe5 0-1

[Event "Let's Play Chess!"]
[Site "http://www.queenalice.com/game.php?id=1240366"]
[Date "2013.12.16"]
[Round "-"]
[White "rogeriooliveira"]
[Black "DarkSquareBishop"]
[Result "0-1"]
[WhiteElo "1442"]
[BlackElo "1660"]

1. e4 c6 2. d4 d5 3. exd5 cxd5 4. Nc3 Nf6 5. Bg5 Nbd7 6. Bxf6 Nxf6 7. Nf3 e6 8.
Qe2 Bb4 9. O-O-O Bxc3 10. bxc3 O-O 11. g3 Qa5 12. Kd2 Ne4+ 13. Kd3 Qxc3# 0-1

[Event "Let's Play Chess!"]
[Site "http://www.queenalice.com/game.php?id=1241443"]
[Date "2013.12.21"]
[Round "-"]
[White "DarkSquareBishop"]
[Black "rogeriooliveira"]
[Result "0-1"]
[WhiteElo "1514"]
[BlackElo "1343"]

1. e4 e5 2. Bc4 Nf6 3. Qe2 d6 4. Nf3 Nc6 5. O-O Be6 6. Bxe6 fxe6 7. Nc3 Be7 8.
d3 O-O 9. Bg5 h6 10. Bxf6 Bxf6 11. a3 Qd7 12. Rad1 Bg5 13. Nxg5 hxg5 14. Qg4 Qe7
15. Qe2 Qf7 16. Qe3 Rae8 17. Qxg5 Re7 0-1

[Event "Let's Play Chess!"]
[Site "http://www.queenalice.com/game.php?id=1241445"]
[Date "2013.12.21"]
[Round "-"]
[White "DarkSquareBishop"]
[Black "rogeriooliveira"]
[Result "0-1"]
[WhiteElo "1568"]
[BlackElo "1317"]

1. c4 c5 2. Nc3 Nf6 3. e4 Nh5 4. Qxh5 g6 5. Qxc5 d6 6. Qb5+ Qd7 7. Qxd7+ Bxd7 8.
Nf3 Nc6 9. d4 O-O-O 10. Be2 e5 11. d5 Nb4 12. O-O Be7 13. a3 Nc2 14. Rb1 Rdg8
15. Bd3 Nd4 16. Nxd4 exd4 17. Nb5 Kb8 0-1

[Event "Let's Play Chess!"]
[Site "http://www.queenalice.com/game.php?id=1242577"]
[Date "2013.12.25"]
[Round "-"]
[White "JamesBrown"]
[Black "DarkSquareBishop"]
[Result "0-1"]
[WhiteElo "1378"]
[BlackElo "1596"]

1. e4 e5 2. Bc4 Nf6 3. Nc3 Nc6 4. Nf3 d6 5. O-O Bg4 6. h3 Bxf3 7. gxf3 Be7 8. d3
O-O 9. Bg5 Nd4 10. a3 Qd7 11. Ba2 Qxh3 12. Ne2 Nxf3# 0-1

[Event "Let's Play Chess!"]
[Site "http://www.queenalice.com/game.php?id=1242578"]
[Date "2013.12.25"]
[Round "-"]
[White "DarkSquareBishop"]
[Black "JamesBrown"]
[Result "1-0"]
[WhiteElo "1633"]
[BlackElo "1397"]

1. d4 d5 2. Nf3 Nf6 3. Nc3 e6 4. e3 Bb4 5. Bd2 O-O 6. Bd3 Nc6 7. O-O a6 8. a3
Ba5 9. Qe2 Ng4 10. e4 Nf6 11. e5 Ng4 12. Bxh7+ Kxh7 13. Ng5+ Kg8 14. Qxg4 f6 15.
Nf3 Nxe5 16. dxe5 f5 17. Qg6 d4 18. Ng5 Re8 19. Qh7+ Kf8 20. Qh8+ Ke7 21. Qxg7#
1-0

[Event "Let's Play Chess!"]
[Site "http://www.queenalice.com/game.php?id=1243861"]
[Date "2013.12.30"]
[Round "-"]
[White "DarkSquareBishop"]
[Black "dnptrs"]
[Result "0-1"]
[WhiteElo "1686"]
[BlackElo "2200"]

1. e4 c5 2. f4 Nc6 3. Nf3 d6 4. d3 Nf6 5. Nc3 Qc7 6. Be2 e6 7. O-O Be7 8. Be3 a6
9. a3 O-O 10. d4 Rd8 11. e5 Ne8 12. d5 Nb8 13. Qd2 Nd7 14. Rad1 Nb6 15. Kh1 dxe5
16. fxe5 Nxd5 17. Nxd5 exd5 18. Bf4 Qd7 0-1

[Event "Let's Play Chess!"]
[Site "http://www.queenalice.com/game.php?id=1243862"]
[Date "2013.12.30"]
[Round "-"]
[White "dnptrs"]
[Black "DarkSquareBishop"]
[Result "1-0"]
[WhiteElo "2201"]
[BlackElo "1686"]

1. d4 Nf6 2. Nf3 d5 3. c4 e6 4. e3 Be7 5. Nc3 Nc6 6. cxd5 exd5 7. Qb3 O-O 8. Ne5
Na5 9. Qc2 Nc4 10. Nxc4 dxc4 11. Bxc4 Bb4 12. a3 Bxc3+ 13. bxc3 Qd6 14. a4 Be6
15. Ba3 Qc6 16. Bxe6 Qxe6 17. Bxf8 Rxf8 18. a5 c5 19. Rb1 1-0

[Event "Let's Play Chess!"]
[Site "http://www.queenalice.com/game.php?id=1246562"]
[Date "2014.1.9"]
[Round "-"]
[White "DarkSquareBishop"]
[Black "kre"]
[Result "0-1"]
[WhiteElo "1686"]
[BlackElo "1577"]

1. d4 d5 2. Nf3 Nc6 3. Nc3 Nf6 4. e3 e6 5. Bb5 Bd7 6. O-O Be7 7. Qe2 h6 8. Bxc6
Bxc6 9. Ne5 Qd6 10. f3 O-O 0-1